000 01519nam0a2200385 4500
001 RU\NLR\BIBL_A\012570233
005 20210910170040.0
010 _a978-5-485-00637-2
_91000
021 _aRU
_bКН-П-21-018674
_9КН-П-21-1454
035 _a(NLR Aleph) 012570233
090 _a12488832
_c12488832
100 _a20210726d2020 u y0rusy50 ca
101 0 _arus
102 _aRU
105 _ay|||z|||010zy
181 0 _ai
_baxxe
182 0 _an
200 1 _aФейсбук сельского священника
_e#неудобноекино #книги #спектакли
_fВячеслав Перевезенцев
203 _aТекст
_bвизуальный
_cнепосредственный
210 _aМосква
_cДаръ
_d2020
215 _a316, [4] с.
_d22
300 _aНа обороте тит. л. авт.: прот. Вячеслав Перевезенцев
320 _aБиблиогр. в подстроч. примеч.
333 _a12+
600 1 _aПеревезенцев
_bВ.
_cпротоиерей
_f1965 -
_gВячеслав
_jДневники
_92487137
_3RU\NLR\AUTH\6601692294
686 2 _aЭ372.24-374-028,13
686 2 _aШ6(2=Р)8-467
700 1 _aПеревезенцев
_bВ.
_f1965-
_gВячеслав
942 _cBOOK
980 _aNBR
980 _aNB